<?xml version="1.0" encoding="UTF-8"?>
<record
    xmlns:xsi="http://www.w3.org/2001/XMLSchema-instance"
    xsi:schemaLocation="http://www.loc.gov/MARC21/slim http://www.loc.gov/standards/marcxml/schema/MARC21slim.xsd"
    xmlns="http://www.loc.gov/MARC21/slim">

  <leader>03391nab a2200505uuc4500</leader>
  <controlfield tag="001">1354579</controlfield>
  <controlfield tag="005">20240816091628.0</controlfield>
  <controlfield tag="007">co|||||||</controlfield>
  <controlfield tag="008">140113e20100701                    spa  </controlfield>
  <datafield tag="035" ind1=" " ind2=" ">
    <subfield code="a">1354579</subfield>
  </datafield>
  <datafield tag="040" ind1=" " ind2=" ">
    <subfield code="c">comduadb</subfield>
  </datafield>
  <datafield tag="041" ind1=" " ind2=" ">
    <subfield code="a">spa</subfield>
  </datafield>
  <datafield tag="100" ind1="1" ind2="0">
    <subfield code="a">L&#xF3;pez Echeverry, Ana Mar&#xED;a</subfield>
    <subfield code="4">aut</subfield>
    <subfield code="e">aut</subfield>
    <subfield code="9">713054</subfield>
  </datafield>
  <datafield tag="245" ind1="1" ind2="0">
    <subfield code="a">Sistemas y Computaci&#xF3;n (dossier)</subfield>
  </datafield>
  <datafield tag="505" ind1=" " ind2=" ">
    <subfield code="a">CONTENIDO: Simulaci&#xF3;n de tr&#xE1;fico en redes inalambricasmediante NS2. / Ana Mar&#xED;a L&#xF3;pez Echeverry; Nicol&#xE1;s Garc&#xED;a Quiroz (pp. 155-160). -- ANAWE, en busca del estado de la accesibilidad / Henry Le&#xF3;n P&#xE9;rez Virgen; Fabi&#xE1;n Andr&#xE9;s Sabogal Ocampo; Saulo de Jes&#xFA;s Torres R. (pp. 190-194). -- Redes acad&#xE9;micas de alta velocidad y tecnolog&#xED;a avanzada como recurso para la investigaci&#xF3;n y el desarrollo regional / Miller Ram&#xED;rez Giraldo; Ana Mar&#xED;a L&#xF3;pez E. (pp. 161-166). -- Espectro ensanchado por secuencia directa / Martha Isabel Ladino A.; Paula Andrea Villa S. (pp. 167-172). -- Primeros pasos para programar aplicaciones m&#xF3;viles en java / Juan David Montoya M.; Saulo de Jes&#xFA;s Torres; Paula Andrea Villa S. (pp. 173-177). -- Extracci&#xF3;n de caracter&#xED;sticas de textura para cotejo de proyectiles en bal&#xED;stica / Jeison M&#xE9;ndez Garc&#xED;a; Jorge Hernando Rivera; Jos&#xE9; Soto Mej&#xED;a (pp. 229-233). -- Dise&#xF1;o de framework web para el desarrollo din&#xE1;mico de Aplicaciones / Gustavo Mart&#xED;nez Villalobos; Germ&#xE1;n Dar&#xED;o Camacho S&#xE1;nchez; Daniel Alberto Biancha Guti&#xE9;rrez (pp. 178-183). -- Inclusi&#xF3;n digital en peque&#xF1;as comunidades. Caso de estudio: municipios de Puerto Carre&#xF1;o y Primavera, Vichada / Omar Antonio Vega; &#xD3;scar Camilo Arango C&#xE1;rdenas; Marcelo L&#xF3;pez Trujillo (pp. 184-189).</subfield>
  </datafield>
  <datafield tag="650" ind1=" " ind2=" ">
    <subfield code="a">Redes inal&#xE1;mbricas</subfield>
    <subfield code="9">164051</subfield>
  </datafield>
  <datafield tag="650" ind1=" " ind2=" ">
    <subfield code="a">Simulacion - Sistemas de microcomputadores</subfield>
    <subfield code="9">180635</subfield>
  </datafield>
  <datafield tag="650" ind1=" " ind2=" ">
    <subfield code="a">Redes acad&#xE9;micas</subfield>
    <subfield code="9">158051</subfield>
  </datafield>
  <datafield tag="650" ind1=" " ind2="7">
    <subfield code="a">Investigaci&#xF3;n y desarrollo</subfield>
    <subfield code="2">lemb</subfield>
    <subfield code="9">19946</subfield>
  </datafield>
  <datafield tag="650" ind1=" " ind2=" ">
    <subfield code="a">Multiplexaci&#xF3;n</subfield>
    <subfield code="9">22567</subfield>
  </datafield>
  <datafield tag="650" ind1=" " ind2=" ">
    <subfield code="a">Java (Lenguaje de programaci&#xF3;n de computadores)</subfield>
    <subfield code="9">24294</subfield>
  </datafield>
  <datafield tag="650" ind1=" " ind2=" ">
    <subfield code="a">Aplicaciones de los computadores</subfield>
    <subfield code="9">16275</subfield>
  </datafield>
  <datafield tag="650" ind1=" " ind2=" ">
    <subfield code="a">Framework (Programa para computador)</subfield>
    <subfield code="9">174012</subfield>
  </datafield>
  <datafield tag="650" ind1=" " ind2="7">
    <subfield code="a">Telefon&#xED;a m&#xF3;vil</subfield>
    <subfield code="2">armarc</subfield>
    <subfield code="9">63438</subfield>
  </datafield>
  <datafield tag="650" ind1=" " ind2=" ">
    <subfield code="a">Web 2.0</subfield>
    <subfield code="9">160633</subfield>
  </datafield>
  <datafield tag="700" ind1="1" ind2="0">
    <subfield code="a">Garc&#xED;a Quiroz, Nicol&#xE1;s</subfield>
    <subfield code="4">aut</subfield>
    <subfield code="e">aut</subfield>
    <subfield code="9">691794</subfield>
  </datafield>
  <datafield tag="700" ind1="1" ind2="0">
    <subfield code="a">P&#xE9;rez Virgen, Henry Le&#xF3;n</subfield>
    <subfield code="4">aut</subfield>
    <subfield code="e">aut</subfield>
    <subfield code="9">682454</subfield>
  </datafield>
  <datafield tag="700" ind1="1" ind2="0">
    <subfield code="a">Sabogal Ocampo, Fabi&#xE1;n Andr&#xE9;s</subfield>
    <subfield code="4">aut</subfield>
    <subfield code="e">aut</subfield>
    <subfield code="9">680010</subfield>
  </datafield>
  <datafield tag="700" ind1="1" ind2="0">
    <subfield code="a">Torres Rengifo, Saulo de Jesus</subfield>
    <subfield code="4">aut</subfield>
    <subfield code="e">aut</subfield>
    <subfield code="9">681980</subfield>
  </datafield>
  <datafield tag="700" ind1="1" ind2="0">
    <subfield code="a">Ram&#xED;rez Giraldo, Miller</subfield>
    <subfield code="4">aut</subfield>
    <subfield code="e">aut</subfield>
    <subfield code="9">713642</subfield>
  </datafield>
  <datafield tag="700" ind1="1" ind2="0">
    <subfield code="a">Ladino A., Martha Isabel</subfield>
    <subfield code="4">aut</subfield>
    <subfield code="e">aut</subfield>
    <subfield code="9">713643</subfield>
  </datafield>
  <datafield tag="700" ind1="1" ind2="0">
    <subfield code="a">Villa S., Paula Andrea</subfield>
    <subfield code="4">aut</subfield>
    <subfield code="e">aut</subfield>
    <subfield code="9">680011</subfield>
  </datafield>
  <datafield tag="700" ind1="1" ind2="0">
    <subfield code="a">Montoya M., Juan David</subfield>
    <subfield code="4">aut</subfield>
    <subfield code="e">aut</subfield>
    <subfield code="9">715045</subfield>
  </datafield>
  <datafield tag="700" ind1="1" ind2="0">
    <subfield code="a">M&#xE9;ndez Garc&#xED;a, Jeison</subfield>
    <subfield code="4">aut</subfield>
    <subfield code="e">aut</subfield>
    <subfield code="9">643689</subfield>
  </datafield>
  <datafield tag="700" ind1="1" ind2="0">
    <subfield code="a">Rivera Piedrahita, Jorge Hernando</subfield>
    <subfield code="4">aut</subfield>
    <subfield code="e">aut</subfield>
    <subfield code="9">389103</subfield>
  </datafield>
  <datafield tag="700" ind1="1" ind2="0">
    <subfield code="a">Soto Mej&#xED;a, Jos&#xE9; Adalberto</subfield>
    <subfield code="4">aut</subfield>
    <subfield code="e">aut</subfield>
    <subfield code="9">395794</subfield>
  </datafield>
  <datafield tag="700" ind1="1" ind2="0">
    <subfield code="a">Mart&#xED;nez Villalobos, Gustavo</subfield>
    <subfield code="4">aut</subfield>
    <subfield code="e">aut</subfield>
    <subfield code="9">707066</subfield>
  </datafield>
  <datafield tag="700" ind1="1" ind2="0">
    <subfield code="a">Camacho S&#xE1;nchez, Germ&#xE1;n Dar&#xED;o</subfield>
    <subfield code="4">aut</subfield>
    <subfield code="e">aut</subfield>
    <subfield code="9">698159</subfield>
  </datafield>
  <datafield tag="700" ind1="1" ind2="0">
    <subfield code="a">Biancha Guti&#xE9;rrez, Daniel Alberto</subfield>
    <subfield code="4">aut</subfield>
    <subfield code="e">aut</subfield>
    <subfield code="9">680012</subfield>
  </datafield>
  <datafield tag="700" ind1="1" ind2="0">
    <subfield code="a">Vega, Omar Antonio</subfield>
    <subfield code="4">aut</subfield>
    <subfield code="e">aut</subfield>
    <subfield code="9">713644</subfield>
  </datafield>
  <datafield tag="700" ind1="1" ind2="0">
    <subfield code="a">Arango C&#xE1;rdenas, &#xD3;scar Camilo</subfield>
    <subfield code="4">aut</subfield>
    <subfield code="e">aut</subfield>
    <subfield code="9">713645</subfield>
  </datafield>
  <datafield tag="700" ind1="1" ind2="0">
    <subfield code="a">L&#xF3;pez Trujillo, Marcelo</subfield>
    <subfield code="4">aut</subfield>
    <subfield code="e">aut</subfield>
    <subfield code="9">611710</subfield>
  </datafield>
  <datafield tag="773" ind1="0" ind2=" ">
    <subfield code="t">Scientia Et Technica (Pereira)</subfield>
    <subfield code="g">Vol. 15, No. 44, Jul. 2010. CD-ROM, p. 155-194</subfield>
    <subfield code="w">205375</subfield>
    <subfield code="x">0122-1701</subfield>
    <subfield code="0">84632</subfield>
  </datafield>
  <datafield tag="942" ind1=" " ind2=" ">
    <subfield code="c">ARIMP</subfield>
  </datafield>
  <datafield tag="999" ind1=" " ind2=" ">
    <subfield code="c">676231</subfield>
    <subfield code="d">676231</subfield>
  </datafield>
</record>
